57 'D' Movies Quiz Stats

 Plays Quiz Updated Nov 13, 2014

Also try: 57 'E' Movies
Challenge
Share
Tweet
Embed
Score 0/57 Timer 14:00
1 Play Today
Year & Genre(s) Movie % Correct
1994: ComedyDumb and Dumber
93.9%
1989: DramaDriving Miss Daisy
93.9%
2004: ComedyDodgeball: A True Underdog Story
80.5%
2008: SuperheroThe Dark Knight
79.5%
1941: AnimatedDumbo
78.9%
1987: RomanceDirty Dancing
77.4%
1971: ThrillerDirty Harry
74.2%
2006: MysteryThe DaVinci Code
71.5%
1989: SchoolDead Poets Society
69.5%
2003: FamilyDaddy Day Care
68.7%
1990: WesternDances with Wolves
68.3%
2002: Spy MovieDie Another Day
66.6%
1931: HorrorDracula
65.3%
2001: Cult/SciFiDonnie Darko
59.7%
2003: SuperheroDaredevil
59.1%
2006: DocumentaryDeliver Us from Evil
58.5%
1991: BiopicThe Doors
58.4%
2006: MusicalDreamgirls
56.5%
2004: DisasterThe Day After Tomorrow
56.5%
1999: ThrillerDouble Jeopardy
55.2%
1978: HorrorDawn of the Dead
54.4%
2006: GangsterThe Departed
53.8%
1972: AdventureDeliverance
52.6%
1967: MusicalDoctor Dolittle
50%
1996: HorrorThe Dentist
47.1%
1964: SatireDr. Strangelove
45.5%
1975: CrimeDog Day Afternoon
43.9%
1993: ComedyDazed and Confused
43.6%
1978: WarThe Deer Hunter
42.4%
Year & Genre(s) Movie % Correct
1999: ComedyDeuce Bigalow: Male Gigolo
41.9%
1998: ActionDeep Impact
39%
1965: EpicDoctor Zhivago
37.9%
2009: SciFiDistrict 9
37.2%
1995: DramaDead Man Walking
36%
1933: ComedyDuck Soup
33.3%
1999: CreatureDeep Blue Sea
29.1%
2008: DramaDoubt
28.6%
1993: ActionDemolition Man
28.2%
1988: ActionDie Hard
26.9%
1951/2008: SciFiThe Day the Earth Stood Still
26.7%
1967: WarThe Dirty Dozen
25.5%
1999: Road MovieDetroit Rock City
25.1%
1974: ActionDeath Wish
24.8%
2005: HorrorThe Descent
22.3%
1989: DramaDo the Right Thing
21.6%
1954: Mystery/ThrillerDial M for Murder
20.6%
1944: Film-NoirDouble Indemnity
20.4%
1988: DramaDangerous Liaisons
19.5%
1988: ThrillerThe Dead Pool
18.6%
2009: Romance/ThrillerDuplicity
17.1%
2004: WarDownfall
14.9%
1973: ThrillerThe Day of the Jackal
14.2%
1998: SciFiDark City
12.5%
2010: RomanceDear John
11.8%
1973: HorrorDon't Look Now
7.5%
1955: HorrorDiabolique
7.1%
1971: WesternDuck, You Sucker
3.4%

You're not logged in!

Compare scores with friends on all Sporcle quizzes.
Join for Free
OR
Log In

You Might Also Like...

Show Comments

Extras

Top Quizzes Today


Score Distribution

Your Account Isn't Verified!

In order to create a playlist on Sporcle, you need to verify the email address you used during registration. Go to your Sporcle Settings to finish the process.

Report this User

Report this user for behavior that violates our Community Guidelines.

Details: